000 00383nam a2200169Ia 4500
008 210210b1940 xxu||||| |||| 00| 0 eng d
041 _aeng
082 _a580/174
100 _aMACCANN (C)
245 _aTrees of India
260 _aBombay
_bD B Taraporevala Sons & Company
_c1940
650 _aTrees
650 _aof
650 _aIndia
690 _aBotany
906 _a010434
999 _c138202
_d138202